000 00644nam a22002177a 4500
005 20160808104250.0
008 160729b xxu||||| |||| 00| 0 eng d
020 _a9788126316793
_c200.00
040 _aLoreto College
041 _aHindi
082 _a891.45
_bBHA
100 _aBhattacharya,Birendra Kumar
245 _aMrityunjoy
_cBirendra Kumar Bhattacharya;translated by Krishna Prasad Singh Magadh
250 _a10th ed
260 _aNew Delhi
_bBharatiya Gyanpith
_c2009
300 _a280p
_b22cm
650 _aAssamese fiction-Translated in Hindi
700 _4tr.
_aSingh Magadh,Krishna Prasad
850 _aLCLIB
942 _cBK
999 _c40712
_d91191